| 000 | 00582cam a22001934a 4500 | ||
|---|---|---|---|
| 001 | 17262067 | ||
| 005 | 20170818092334.0 | ||
| 008 | 120418s2012 nyu b 001 0 eng | ||
| 020 | _a9781615190584 (pbk.) | ||
| 040 | _cPK-LaUMT | ||
| 082 | 0 | 0 |
_a613.262 _223 _bPAL-P |
| 100 | 1 | _aPalmer, Sharon | |
| 245 | 1 | 4 |
_aThe plant-powered diet : _bthe lifelong eating plan for achieving optimal health, beginning today / _cSharon Palmer |
| 260 |
_aNew York : _bExperiment, _c2012 |
||
| 300 |
_axx, 412 p. ; _c23 cm. |
||
| 650 | 0 | _aVegetarianism | |
| 650 | 0 | _aSelf-care, Health | |
| 942 | _cBK | ||
| 999 |
_c97382 _d97382 |
||